Mr.GREEN APPLE のYoutube1億回再生の楽曲 ーサドンデス― - Statistics

General Stats
  • This quiz has been taken 76 times
    73 since last reset
  • The average score is 4 of 8
Answers on the Grid
Answers color-coded by a green-red scale on the quiz's grid according to % correct below.
breakfast
CHEERS
familie
Love me, Love you
lovin‘
Magic
PARTY
Soranji
Speaking
StaRt
WanteD!
アウフヘーベン
インフェルノ
クスシキ
ケセラセラ
コロンブス
ダンスホール
ダーリン
ナニヲナニヲ
ビターバカンス
ライラック
ロマンシチズム
僕のこと
天国
我逢人
春愁
点描の唄
私は最強(LIVE)
青と夏
鯨の唄
 
Answer Stats
Answer % Correct
インフェルノ
76%
青と夏
71%
ライラック
65%
ダンスホール
59%
ケセラセラ
56%
僕のこと
41%
Soranji
32%
ロマンシチズム
18%
No matching quizzes found
Score Distribution
Percent of People with Each Score
Percentile by Number Answered
Your Score History
You have not taken this quiz since the last reset